សៀវភៅហ្វឹកហាត់គណិតវិទ្យាថ្នាក់ទី ៤ / (Record no. 3643)
[ view plain ]
| 000 -LEADER | |
|---|---|
| fixed length control field | 01326nam a22002537a 4500 |
| 001 - CONTROL NUMBER | |
| control field | 3643 |
| 003 - CONTROL NUMBER IDENTIFIER | |
| control field | FISKH |
| 005 - DATE AND TIME OF LATEST TRANSACTION | |
| control field | 20251110121011.0 |
| 008 - FIXED-LENGTH DATA ELEMENTS--GENERAL INFORMATION | |
| fixed length control field | 240402b cb ||||| |||| 00| 0 eng d |
| 020 ## - INTERNATIONAL STANDARD BOOK NUMBER | |
| International Standard Book Number | 9789995001506 |
| 040 ## - CATALOGING SOURCE | |
| Original cataloging agency | FISKH |
| Language of cataloging | khr |
| Transcribing agency | FISKH |
| Modifying agency | FISKH |
| 050 ## - LIBRARY OF CONGRESS CALL NUMBER | |
| Classification number | PZ7 |
| 082 ## - DEWEY DECIMAL CLASSIFICATION NUMBER | |
| Classification number | 512.74 |
| 100 ## - MAIN ENTRY--PERSONAL NAME | |
| Personal name | Kimsrun, Inn |
| 245 ## - TITLE STATEMENT | |
| Title | សៀវភៅហ្វឹកហាត់គណិតវិទ្យាថ្នាក់ទី ៤ / |
| 260 ## - PUBLICATION, DISTRIBUTION, ETC. | |
| Place of publication, distribution, etc. | ភ្នំពេញ : |
| Name of publisher, distributor, etc. | គ្រិះស្ថានបោះពុម្ពនិងចែកផ្សាយ, |
| Date of publication, distribution, etc. | 2013. |
| 300 ## - PHYSICAL DESCRIPTION | |
| Extent | 84 pages : |
| Other physical details | illustrations ; |
| Dimensions | 21 cm |
| 520 ## - SUMMARY, ETC. | |
| Summary, etc. | សៀវភៅហ្វឹកហាត់គណិតវិទ្យាថ្នាក់ទី ៤ សម្រាប់ហ្វឹកហាត់គណិតវិទ្យាថ្នាក់ទី ៤ បណ្ដុះទម្លាប់ការនៃការគិត និងធ្វើលំហាត់បន្ថែមនៅផ្ទះដល់កុមារ ។ |
| 520 ## - SUMMARY, ETC. | |
| Summary, etc. | 4th grade math workbook for 4th grade math training to develop children's thinking habits and extra homework. |
| 650 ## - SUBJECT ADDED ENTRY--TOPICAL TERM | |
| Topical term or geographic name entry element | គណិត |
| 650 ## - SUBJECT ADDED ENTRY--TOPICAL TERM | |
| Topical term or geographic name entry element | Math |
| 942 ## - ADDED ENTRY ELEMENTS (KOHA) | |
| Source of classification or shelving scheme | Dewey Decimal Classification |
| Koha item type | Khmer Books |
| Suppress in OPAC | No |
| Withdrawn status | Lost status | Source of classification or shelving scheme | Damaged status | Not for loan | Collection | Home library | Current library | Shelving location | Date acquired | Total Checkouts | Full call number | Barcode | Date last seen | Copy number | Price effective from | Koha item type |
|---|---|---|---|---|---|---|---|---|---|---|---|---|---|---|---|---|
| Dewey Decimal Classification | Reference | Footprints International School Library Network Toul Kork Campus | Footprints International School Library Network Toul Kork Campus | TK Old Khmer Books (Rear Hallway Shelf 3) | 04/02/2024 | KIM 512.74 PZ7 | FISTK03524 | 04/02/2024 | 1 | 04/02/2024 | Khmer Books | |||||
| Dewey Decimal Classification | Reference | Footprints International School Library Network Toul Tom Poung Campus | Footprints International School Library Network Toul Tom Poung Campus | TTP Primary Khmer Bookshelves | 10/28/2025 | KIM 512.74 PZ7 | FIS02828 | 10/28/2025 | 2 | 10/28/2025 | Khmer Books | |||||
| Dewey Decimal Classification | Reference | Footprints International School Library Network Toul Tom Poung Campus | Footprints International School Library Network Toul Tom Poung Campus | TTP Primary Khmer Bookshelves | 03/25/2026 | KIM 512.74 PZ7 | 2026-0373 | 03/25/2026 | 3 | 03/25/2026 | Khmer Books |
